Kendrick Lamar - Statistiques

Statistiques générales
  • Ce quiz a été pris 238 fois
  • Le résultat moyen est 10 sur 27
Statistiques - réponses
Hint Réponse % Correct
Nationalité Américain
80%
Nom Complet Kendrick Lamar Duckworth
75%
Lieu de Naissance Compton
71%
Album 2 Good kid, M.A.A.D City
66%
Ancien nom de rappeur K-Dot
66%
Album 4 DAMN.
65%
Album 3 To pimp a Butterfly
64%
Quelle est sa musique la plus stream Humble
63%
Album 1 Section 80
59%
Album 5 Mr. Morale & The Big Steppers
54%
BO Black panther
48%
Quelle est l'un de ses 2 idoles Dr Dre/Tupac
47%
Avec qui ( 1 personne suffit ) Ab-soul/Jay Rock/Schoolboy Q
37%
Mon album préféré hahahaahah Section 80
34%
Son ancien Groupe de Rap Black Hippy
31%
Age 36 ans
26%
Mixtape 2 Overly Dedicated
25%
Surnom 1 Kung fu Kenny
20%
Mixtape 1 Kendrick Lamar
14%
Pour quelle style de rap est il reconnu Gangsta rap
8%
Label 3 Interscope
6%
Label 2 Aftermath Entertainment
4%
Surnom 2 Oklama
4%
Ça se tape avec elle ELEMENT
2%
Surnom 3 M.Duckworth
1%
Quelle est ma musique préféré hihihi No Make-Up (Her Vice)
1%
Label 1 To dawg Entertainment
1%
Aucun quiz correspondant
Distribution des résultats
% des personnes avec chaque résultat
Percentile par nombre de réponses
Votre historique - résultats
Vous n’avez pas pris ce quiz